header

Ohm on the range : (Record no. 255843)

MARC details
000 -LEADER
fixed length control field 01029cam a2200325 a 4500
001 - CONTROL NUMBER
control field 443128
003 - CONTROL NUMBER IDENTIFIER
control field OSt
005 - DATE AND TIME OF LATEST TRANSACTION
control field 20170301103315.0
008 - FIXED-LENGTH DATA ELEMENTS--GENERAL INFORMATION
fixed length control field 820429s1982 njua j 000 0 eng
010 ## - LIBRARY OF CONGRESS CONTROL NUMBER
LC control number 82007668
020 ## - INTERNATIONAL STANDARD BOOK NUMBER
International Standard Book Number 0136335527 :
Terms of availability $7.95
040 ## - CATALOGING SOURCE
Original cataloging agency DLC
Transcribing agency DLC
Modifying agency DLC
042 ## - AUTHENTICATION CODE
Authentication code lcac
050 00 - LIBRARY OF CONGRESS CALL NUMBER
Classification number PN6371.5
Item number .K39 1982
082 00 - DEWEY DECIMAL CLASSIFICATION NUMBER
Classification number 818.5402
Edition number 19
100 1# - MAIN ENTRY--PERSONAL NAME
Personal name Keller, Charles.
245 10 - TITLE STATEMENT
Title Ohm on the range :
Remainder of title robot and computer jokes /
Statement of responsibility, etc compiled by Charles Keller ; illustrated by Art Cumings.
260 ## - PUBLICATION, DISTRIBUTION, ETC. (IMPRINT)
Place of publication, distribution, etc Englewood Cliffs, N.J. :
Name of publisher, distributor, etc Prentice-Hall,
Date of publication, distribution, etc c1982.
300 ## - PHYSICAL DESCRIPTION
Extent [46] p. :
Other physical details ill. ;
Dimensions 24 cm.
520 ## - SUMMARY, ETC.
Summary, etc A collection of robot and computer jokes and riddles.
650 #0 - SUBJECT ADDED ENTRY--TOPICAL TERM
Topical term or geographic name as entry element Riddles, Juvenile.
Topical term or geographic name as entry element Computers
General subdivision Juvenile humor.
Topical term or geographic name as entry element Robotics
General subdivision Juvenile humor.
Topical term or geographic name as entry element Riddles.
Topical term or geographic name as entry element Computers
General subdivision Wit and humor.
Topical term or geographic name as entry element Robots
General subdivision Wit and humor.
700 1# - ADDED ENTRY--PERSONAL NAME
Personal name Cumings, Art,
Relator term ill.
906 ## - LOCAL DATA ELEMENT F, LDF (RLIN)
a 7
b cbc
c orignew
d 1
e ocip
f 19
g y-gencatlg
942 ## - ADDED ENTRY ELEMENTS (KOHA)
Source of classification or shelving scheme Library of Congress Classification
Koha item type Long Loan Books
Holdings
Withdrawn status Lost status Source of classification or shelving scheme Damaged status Not for loan Collection code Home library Current library Date acquired Total Checkouts Full call number Barcode Date last seen Price effective from Koha item type
    Library of Congress Classification     Non-fiction Rongo University Library Rongo University Library 01/03/2017   PN6371.5 .K39 1982 20155317 01/03/2017 01/03/2017 Long Loan Books

© 2026 Rongo University
Contact us: librarian | system librarian | Rongo university